00941nam a22002657a 450000500170000001000260001702000260004303500130006903500170008203500130009903700190011203700130013108200080014410000110015224501270016326000510029027000630034130000290040449000370043350000680047060000630053860000240060170000230062570000270064820170721094111.0 a1516EN07 ENG-114791 c495.00a9780674427839 aEN-98323 aB-604376-383 aB-667419 bAakar/venaDPL bDBAD/PUB a821 aSurdas aSUR'S OCEAN:cby Surdas; edited by Kenneth E.Bryant ; translated by John Stratton Hawleybpoems from the early tradition / aLondonbMurty Classical Library of Indiac2015 bLondonaHarverd Universitry Press, Cambridge,Massachusetts axlviii,1010p.c21cm(pbk) aMurty Classical Library of India aIncludes bibliographical references (pages 997-1000) and index. a Sūradāsa, d1483?-1563? xTranslations into English. a Krishna vPoetry. aBryant, Kenneth E. aHawley, John Stratton